<?xml version="1.0" encoding="UTF-8"?>
<record
    xmlns:xsi="http://www.w3.org/2001/XMLSchema-instance"
    xsi:schemaLocation="http://www.loc.gov/MARC21/slim http://www.loc.gov/standards/marcxml/schema/MARC21slim.xsd"
    xmlns="http://www.loc.gov/MARC21/slim">

  <leader>02360    a2200181   4500</leader>
  <controlfield tag="001">123749</controlfield>
  <datafield tag="020" ind1=" " ind2=" ">
    <subfield code="a">9788532524638</subfield>
  </datafield>
  <datafield tag="040" ind1=" " ind2=" ">
    <subfield code="c">Escola Canadense de Niteroi</subfield>
  </datafield>
  <datafield tag="090" ind1=" " ind2=" ">
    <subfield code="a">TOR</subfield>
  </datafield>
  <datafield tag="100" ind1=" " ind2=" ">
    <subfield code="a">Del Toro, Guillermo</subfield>
  </datafield>
  <datafield tag="245" ind1="1" ind2="0">
    <subfield code="a">Noturno</subfield>
  </datafield>
  <datafield tag="260" ind1=" " ind2=" ">
    <subfield code="a">Rio de Janeiro</subfield>
  </datafield>
  <datafield tag="300" ind1=" " ind2=" ">
    <subfield code="c">3 x 5.43 x 0.87</subfield>
  </datafield>
  <datafield tag="362" ind1="0" ind2=" ">
    <subfield code="a">2009</subfield>
  </datafield>
  <datafield tag="490" ind1="0" ind2=" ">
    <subfield code="a">Trilogia da Escurid&#xE3;o </subfield>
  </datafield>
  <datafield tag="520" ind1=" " ind2=" ">
    <subfield code="a">Um Boeing 747 vindo de Berlim chega ao aeroporto JFK, em Nova York, e, subitamente, p&#xE1;ra na pista com todas as cortinas abaixadas, luzes apagadas e o sistema de comunica&#xE7;&#xE3;o em pane. Uma equipe de emerg&#xEA;ncia cerca o avi&#xE3;o e observa, incr&#xE9;dula, que a cabine &#xE9; similar a um t&#xFA;mulo onde todos parecem mortos. O alarme se transforma em terror quando se descobre que este misterioso acontecimento &#xE9; apenas o primeiro de uma assustadora invas&#xE3;o que se estender&#xE1; por todo o planeta e d&#xE1; in&#xED;cio a uma sangrenta batalha entre homens e vampiros. Assim come&#xE7;a Noturno, primeiro livro da Trilogia da Escurid&#xE3;o, do cineasta mexicano Guillermo Del Toro, respons&#xE1;vel pelo aclamado O labirinto do Fauno, em parceria com o norte-americano Chuck Hogan, apontado por Stephen King como um dos dez melhores escritores de suspense da atualidade.

F&#xE3; confesso de hist&#xF3;rias de vampiros e de universos fant&#xE1;sticos nos quais sonhos infantis se misturam a inquietantes pesadelos, Guillermo del Toro atualiza o tema em sua estreia liter&#xE1;ria e adiciona a ele um suspense eletrizante, com estrutura de investiga&#xE7;&#xE3;o policial compar&#xE1;vel a de s&#xE9;ries de sucesso como CSI, em que os protagonistas t&#xEA;m um olhar cient&#xED;fico sobre os fatos.

Sob o comando do doutor Ephraim Goodweather, infectologista &#xE0; frente do Projeto Can&#xE1;rio, a equipe tenta desvendar o que aconteceu dentro do Boeing. Logo o m&#xE9;dico descobre algo que vai contra tudo o que estudou: as v&#xED;timas est&#xE3;o infectadas por um v&#xED;rus disseminado por uma ra&#xE7;a milenar, os vampiros, e mesmo aqueles considerados mortos est&#xE3;o se reerguendo e partindo em busca de novas v&#xED;timas e de alimento.

Transformando a invas&#xE3;o dos vampiros num ataque viral que n&#xE3;o escolhe suas v&#xED;timas, uma pandemia mundial capaz de p&#xF4;r em risco a esp&#xE9;cie humana, Noturno mant&#xE9;m um ritmo crescente que leva a um cl&#xED;max arrebatador e deixa os leitores &#xE1;vidos pela continua&#xE7;&#xE3;o da hist&#xF3;ria, &#xE0; espera do segundo livro da trilogia.</subfield>
  </datafield>
  <datafield tag="942" ind1=" " ind2=" ">
    <subfield code="c">BK</subfield>
  </datafield>
  <datafield tag="952" ind1=" " ind2=" ">
    <subfield code="0">0</subfield>
    <subfield code="1">0</subfield>
    <subfield code="4">0</subfield>
    <subfield code="7">0</subfield>
    <subfield code="a">80.1</subfield>
    <subfield code="b">80.1</subfield>
    <subfield code="d">2024-02-09</subfield>
    <subfield code="l">0</subfield>
    <subfield code="o">TOR</subfield>
    <subfield code="p">A29839</subfield>
    <subfield code="r">2024-02-09 21:19:57</subfield>
    <subfield code="w">2024-02-09</subfield>
    <subfield code="y">BK</subfield>
  </datafield>
  <datafield tag="999" ind1=" " ind2=" ">
    <subfield code="c">123749</subfield>
    <subfield code="d">123749</subfield>
  </datafield>
</record>
